Library of the University of Algiers 3
Ibrahim Sultan Cheibout
شعار جامعة الجزائر 3
مكتبة جامعة الجزائر 3
إبراهيم سلطان شيبوط

المدخل لبحوث العمليات / (رقم التسجيلة. 45222)

تفاصيل مارك
000 -LEADER
fixed length control field 01141nam a2200229Ia 4500
003 - CONTROL NUMBER IDENTIFIER
control field Ost
005 - DATE AND TIME OF LATEST TRANSACTION
control field 20260507075632.0
008 - FIXED-LENGTH DATA ELEMENTS--GENERAL INFORMATION
fixed length control field 260507s9999||||xx |||||||||||||| ||und||
020 ## - INTERNATIONAL STANDARD BOOK NUMBER
International Standard Book Number 9957111752
040 ## - CATALOGING SOURCE
Transcribing agency fsecg
041 ## - LANGUAGE CODE
Language code of text/sound track or separate title ara
082 ## - DEWEY DECIMAL CLASSIFICATION NUMBER
Classification number 519.72
100 ## - MAIN ENTRY--PERSONAL NAME
Personal name الموسوي، عبد الرسول عبد الرزاق
Relator term مؤلف
245 #0 - TITLE STATEMENT
Title المدخل لبحوث العمليات /
Statement of responsibility, etc. عبد الرسول عبد الرزاق الموسوي
260 ## - PUBLICATION, DISTRIBUTION, ETC.
Place of publication, distribution, etc. عمان:
Name of publisher, distributor, etc. دار وائل للنشر,
Date of publication, distribution, etc. 2002
300 ## - PHYSICAL DESCRIPTION
Extent 315 صفحة؛
Other physical details إيضاحات ؛
Dimensions 24 سم
520 ## - SUMMARY, ETC.
Summary, etc. تجد في هذا الكتاب : البرمجة الخطية ، تكوين المشكلة وطريقة الرسم البياني ،البرمجة الخطية ،طريقة السمبلكس تحليل الحسابية والحل الثنائي، النقل والتخصيص ، تحليل القرار ،شبكات الأعمال ، نماذج المخزون ، نظرية صفوف الإنتظار ، نظريات المباريات
653 ## - INDEX TERM--UNCONTROLLED
Uncontrolled term البرمجة الخطية
653 ## - INDEX TERM--UNCONTROLLED
Uncontrolled term بحوث
653 ## - INDEX TERM--UNCONTROLLED
Uncontrolled term عمليات
942 ## - ADDED ENTRY ELEMENTS (KOHA)
Koha item type كتب
المقتنيات
Withdrawn status Lost status Source of classification or shelving scheme Damaged status Not for loan Home library Current library Date acquired Serial enumeration / chronology Inventory number Total checkouts Full call number Barcode Date last seen Price effective from Koha item type
    Dewey Decimal Classification   NOT LOAN / إعارة داخلية مكتبة كلية العلوم الإقتصادية والعلوم التجارية وعلوم التسيير مكتبة كلية العلوم الإقتصادية والعلوم التجارية وعلوم التسيير 07/05/2026 الطابق الأرضي 721/1   أ/721ن1 721/1 07/05/2026 07/05/2026 كتب
    Dewey Decimal Classification   Available مكتبة كلية العلوم الإقتصادية والعلوم التجارية وعلوم التسيير مكتبة كلية العلوم الإقتصادية والعلوم التجارية وعلوم التسيير 07/05/2026 الطابق الثاني 721/2   أ/721ن2 721/2 07/05/2026 07/05/2026 كتب

موارد الويب المفتوحة


© University of Algiers 3 All Rights Reserved
|
Implemented by LECHELAH Riad